La consolidación de la Oficina Municipal de la Mujer: el caso de Heredia/
Uloženo v:
| Hlavní autor: | |
|---|---|
| Médium: | Kniha |
| Jazyk: | Spanish |
| Tagy: |
Přidat tag
Žádné tagy, Buďte první, kdo vytvoří štítek k tomuto záznamu!
|
MARC
| LEADER | 00000nam a22000007a 4500 | ||
|---|---|---|---|
| 003 | cru CIDCACS/IIS | ||
| 005 | 20200925161140.0 | ||
| 007 | ta | ||
| 008 | 161116s2015 cr ||||| |||| 00| 0 spa d | ||
| 040 | |c CRAI/IIS |a CRAI/IIS | ||
| 100 | 1 | |9 550 |a González Espinoza, Meyling | |
| 245 | 1 | 3 | |a La consolidación de la Oficina Municipal de la Mujer: |b el caso de Heredia/ |c Meyling González Espinoza |
| 300 | |a páginas 81-90: |b tabla | ||
| 773 | 0 | |0 18728 |9 150 |a Universidad de Costa Rica |d San José, Costa Rica Editorial UCR 1956- |o R19003 |t Revista de Ciencias Sociales/ | |
| 942 | |2 ddc |c PP | ||
| 999 | |c 18741 |d 18741 | ||
